| 000 | 00737nam a2200229 i 4500 | ||
|---|---|---|---|
| 001 | 189192 | ||
| 003 | SpMaBN | ||
| 005 | 20240104134347.0 | ||
| 008 | 190423s1995 sp |||| | spa d | ||
| 020 | _a84-406-5284-4 | ||
| 080 | _a821.134.2-31"19" | ||
| 100 | 1 |
_aGómez Rufo, Antonio. _9166394 |
|
| 245 | 1 | 3 |
_aLa leyenda del falso traidor / _cAntonio Gómez Rufo. |
| 250 | _a1ª ed., 2ª reimp. | ||
| 260 |
_aBarcelona : _bEdiciones B, _c1995. |
||
| 300 |
_a355 p. ; _c24 cm. |
||
| 490 | 1 | _aHistórica | |
| 830 | 0 | 0 |
_aHistórica (Ediciones B) _9176073 |
| 852 |
_aES-MaACL _jA-14481 _9196330 _bR.151915 _cDEPO1 _dOlim. N-7481 _hDonación: Editorial _xEncuadernación en cartoné |
||
| 942 | _2udc | ||
| 999 |
_c189192 _d189192 |
||